000 00948nam a22002537a 4500
999 _c64440
_d64440
005 20240530110731.0
008 180512s2007 jo a g b 000 0 ara d
017 _bمصر. دار الكتب
040 _aEG-CaGPL
_cEG-CaGPL
082 0 4 _221
_a155.455\
_bط د
100 0 _aطارق عبدالرؤوف محمد عامر
245 1 0 _aدراسات فى التفوق والموهبة والابداع والابتكار /
_cطارق عبدالرؤوف محمد عامر .
250 _aط.1
260 _aعمان :
_bدار اليازورى العلمية للنشر والتوزيع ،
_c2007 .
300 _a232 ص. ؛
_c24 سم.
650 0 7 _2qrmak
_aعلم النفس التربوى
650 0 7 _2qrmak
_aالتفوق
650 0 7 _2qrmak
_aالابتكار
650 0 7 _2qrmak
_aالابداع
650 0 7 _aتعديل السلوك
_2qrmak
651 _2qrmak
942 _2ddc
_cBK